| 000 | 02412nam0a2200337 4500 | ||
|---|---|---|---|
| 001 | RU\NLR\BIBL_A\022382097 | ||
| 005 | 20260420021551.0 | ||
| 010 |
_a978-5-6048788-6-6 _9500 |
||
| 021 |
_aRU _bКН-П-24-060249 _9КН-П-24-5988 |
||
| 035 | _a(NLR Aleph) 022382097 | ||
| 090 |
_a13670153 _c13670153 |
||
| 100 | _a20241114d2023 u y0rusy50 ca | ||
| 101 | 0 | _arus | |
| 102 | _aRU | ||
| 105 | _aa j 000yy | ||
| 181 | 0 |
_ai _bxxxe |
|
| 182 | 0 | _an | |
| 200 | 1 |
_aВоспитательная деятельность образовательной организации: от ценностных доминант к проектированию и реализации _eметодическое пособие _eпроекты и лучшие воспитательные практики школ Российской Федерации, представленные в соответствии с мировоззренческой моделью "Пентабазис" (Человек – Семья – Общество – Государство – Страна) _fМинистерство просвещения Российской Федерации, Федеральное государственное бюджетное образовательное учреждение "Международный детский центр "Артек" _g[авторы-составители: Федоренко Константин Альбертович (общая редакция) и др.] |
|
| 203 |
_aТекст _bвизуальный _cнепосредственный |
||
| 210 |
_aЯлта _cМДЦ "Артек" _cОнлайн-Сервис _d2023 |
||
| 215 |
_a347 с. _cцв. ил., табл. _d25 |
||
| 320 | _aБиблиогр.: с. 344–345 (18 назв.) | ||
| 606 | 1 |
_aОбщеобразовательные учреждения _jМетодические пособия _xВоспитательная работа _92152602 _3RU\NLR\AUTH\661600940 |
|
| 686 | 1 | _aЧ421.3я8 | |
| 702 | 1 |
_aФедоренко _bК. А. _gКонстантин Альбертович _4220 _4340 |
|
| 712 | 0 | 2 |
_4570 _a"Артек", международный детский центр _cпгт. Гурзуф, Ялта _9480582 _3RU\NLR\AUTH\880407156 |
| 942 | _cBOOK | ||
| 980 | _aNB | ||